00656 2200169 4500245004200000020002200042250001100064100001300075700001600088005001900104260004000123041001400163084001200177300002100189500025800210336001800468 aLagu Daerah IndonesiacAbi MusahText a979-0-801871-02-2 aCet. 1 aAbi Musa aAjie Riebet a20230929083801 aJakarta TimurbDunia Komputerc2012 aIndonesia a781.621 a152 hlm. :c15cm aBuku "Lagu Daerah Indonesia" hadir agar dapat dijadikan sebagai sumber referensi untuk mengenal lebih jauh lagu-lagu daerah yang memiliki daya cipta dan karya seni tinggi yang tersebar di seluruh nusantara oleh masyarakat umum maupun di sekolah-sekolah. anotated music